Země 197 do 205 - Statistics

General Stats
  • This quiz has been taken 122 times
  • The average score is 4 of 9
Answer Stats
postavení populace země % Correct
Sdružení zdarma s Dánskem 55,800 Grónsko
84%
Uznávané 74% všech zemí (146 z 196) 4,550,400 Palestina
47%
Sdružení zdarma s Dánskem 49,200 Faerské ostrovy
46%
Africký národ, uznaný 44 zemí 586,000 Západní Sahara
42%
Sdružení zdarma s Nizozemskem 107,400 Aruba
37%
Sdružení zdarma s Nizozemskem 154,800 Curaçao
37%
Sdružení zdarma s Nizozemskem 38,200 Svatý Martin
26%
Sdružení zdarma s Novým Zélandem 19,100 Cookovy ostrovy
25%
Sdružení zdarma s Novým Zélandem 1,500 Niue
25%
No matching quizzes found
Score Distribution
Percent of People with Each Score
Percentile by Number Answered
Your Score History
You have not taken this quiz